00561 2200217 4500001002100000005001500021035002000036007000300056008004100059040001700100082001400117084001400131090001600145245002400161260006600185300004000251650001400291850001200305041000800317990001800325INLIS00000000084335920181219095321 a0010-1218000406ta181219 1956 jtic f ind d aYOPDYOGbind04223a294.3 a294.3 BUD aL 294.3 BUD10aBuddha-Jayanti 2500 aSemarang :bPersaudaraan Upasaka dan Upasika Indonesia,c1956 a240 halaman :bfoto, tabel ;c25 cm 4aBuddhisme aYOPDYOG0 aind a61447-PD/A.18